000 01122nam0a22002891 4500
001 rc\153537
005 20260406073336.0
010 _a5-87917-016-0
_bАлександр Корженевский
_930000
010 _a5-88590-319-0
_bФирма "Русич"
035 _a(NLR Aleph) 005421136
090 _a7476902
_c7476902
100 _a20030307d1995 |||y0rusy50 ca
101 0 _arus
102 _aRU
105 _ay |||||||||
200 1 _aГавань Ветров
_fДжордж Мартин, Лиза Татл
_g[Перевела с англ. И. Гурова и др.]
210 _aМ.
_cАлександр Корженевский
_aСмоленск
_cФирма "Русич"
_d1995
215 _a425, [1] с.
_d21
225 1 _aСерия "Спектр"
_iА
700 1 _7ca
_8rus
_aМартин
_bД. Р. Р.
_f1948-
_gДжордж Рэймонд Ричард
_914559
_3RU\NLR\AUTH\7731549
701 1 _7ca
_8rus
_aТатл
_bЛ.
_f1952-
_gЛиза
_9199900
_3RU\NLR\AUTH\770199951
801 0 _aRU
_bNLR
_gpsbo
801 1 _aRU
_bELAR
_2rusmarc
852 _aNLR
_j96-3/822
942 _cBOOK
980 _aNB